000 00199 a2200097 4500
020 _a9789992467619
041 _aspa
100 _aAlberto Pocasangre
245 _aDonde nacen las sirenas
942 _cBK
999 _c29215
_d29213